| 000 | 00737nam a22002297a 4500 | ||
|---|---|---|---|
| 999 |
_c14992 _d14992 |
||
| 003 | AR-CdUCM | ||
| 008 | 190425b ||||| |||| 00| 0 spa d | ||
| 020 | _a978-607-745-373-4 | ||
| 040 |
_aMUNICIPALIDAD PROVINCIAL DEL CUSCO _cBIBLIOTECA MUNICIPAL DEL CUSCO |
||
| 041 | _hspa | ||
| 082 |
_aES / 808.06 / _bC24 |
||
| 100 |
_aCorona, Pascuala _933981 |
||
| 245 |
_aEl pozo de los ratones : _bKimichime i oztotlkali / |
||
| 260 |
_aMéxico : _bFondo de cultura económica, _c2016. |
||
| 300 |
_bIlustraciones, _c26 cm. |
||
| 500 | _aNo cuenta con numeración de paginas | ||
| 650 |
_aNahuatl _933982 |
||
| 650 |
_aLiteratura infantil _9588 |
||
| 650 |
_aCuentos infantiles _93927 |
||
| 942 |
_2ddc _cLIBROS |
||
| 945 |
_adavv _d25/04/2019 |
||